000 00714nam a2200181 a 4500
001 000041084
005 20201002034615.0
008 130917s2004 sp 000 0 spa d
020 _a8400082370
040 _aDO-SdBNP
_bspa
_cBNPHU
245 0 0 _aBase corológicas de flora corológicas ibérica :
_badiciones y números 2179-2238 /
_ceditado porJ.C. Hernández.
260 _aMadrid :
_bReal Jardín Botánico,
_c2004.
300 _a94 p. ;
_c24 cm.
490 1 _aCuadernos de trabajo de Flora micológica Ibérica
_v20
700 1 _aHernández, J. C.
_967584
710 2 _aConsejo Superior de Investigaciones Sientíficas (España)
_963726
830 0 _aCuadernos de trabajo de Flora micológica Ibérica
_v20
_967585
999 _c40574
_d40574